000 00547nam a2200169 i 4500
001 19619
003 ES-MaACL
005 20230906152132.0
007 t|
008 021004s1971 sp ||||1| spa d
100 1 _aAbella y García de Eulate, Alfonso María,
_d1925-2003
_9226442
245 1 4 _aLas otras especialidades forales de Alava /
_cAlfonso Mª Abella y García de Eulate.
260 _a[S.l.] :
_b[s.n.],
_c[1971] (
_eVitoria :
_fEvagraf)
300 _a173 p. ;
_c21 cm.
852 _aES-MaACL
_jC-47260
_bR.78247
999 _c19619
_d19619